La pesadilla tecnológica (Registro nro. 311830)

Detalles MARC
000 -ENCABEZADO
Número de control [NR] 00869 a2200241 4500
005 - FECHA Y HORA DE LA ÚLTIMA TRANSACCIÓN
control field 20190523090229.0
008 - DE LONGITUD FIJA DE DATOS DE ELEMENTOS - INFORMACIÓN GENERAL
Elementos de longitud fija [NR] 190523s2019 sp ||||| |||| 00| 0 spa d
020 ## - NUMERO INTERNACIONAL NORMALIZADO PARA LIBROS [R]
Número Internacional Normalizado del libro [NR] 9788494764769
040 ## - FUENTE DE CATALOGACION [NR]
Agencia de catalogación original [NR] CO-BoUCM
Idioma de catalogación [NR] spa
Quien Cataloga Saul Niño
Quien Clasifica Saul Niño
041 1# - CODIGO DE IDIOMA [R]
Código de idioma para texto/pista de sonido o título separado [R] Español
100 10 - ASIENTO PRINCIPAL--NOMBRE PERSONAL [NR]
Nombre personal [NR] Carr, Nicholas
Fechas asociadas con el nombre [NR] 1959-
ID Autoridad 96391
245 13 - MENCION DE TITULO [NR]
Título [NR] La pesadilla tecnológica
Mención de responsabilidad, etc. [NR] Nicholas Carr ; traducción de Juanma Agulles
260 ## - PUBLICACION, DISTRIBUCION, ETC. (PIE DE IMPRENTA) [R]
Lugar de publicación, distribución, etc. [R] España
Nombre del editor, distribuidor, etc. [R] Ediciones El salmón
Fecha de publicación, distribución, etc. [R] 2019
300 ## - DESCRIPCION FISICA [R]
Extensión [R] 469 páginas
490 0# - MENCION DE SERIE [R]
Mención de serie [R] Colección El martillo de Enoch
Designación numérica/secuencial del volumen [NR] 8
650 #7 - ASIENTO SECUNDARIO DE MATERIA - TERMINO TEMATICO [R]
9 (RLIN) 25148
Término temático o nombre geográfico como elemento de entrada [NR] Tecnología y civilización
650 #7 - ASIENTO SECUNDARIO DE MATERIA - TERMINO TEMATICO [R]
Término temático o nombre geográfico como elemento de entrada [NR] Innovaciones tecnológicas
Subdivisión general [R] Aspectos sociales
9 (RLIN) 36272
651 ## - ASIENTO SECUNDARIO DE MATERIA - NOMBRE GEOGRAFICO [R]
Nombre geográfico [NR] Estados Unidos
Subdivisión general [R] Condiciones sociales
9 (RLIN) 44045
700 10 - ASIENTO SECUNDARIO - NOMBRE PERSONAL [R]
Nombre personal [NR] Agulles, Juanma
Término de relación [R] traductor
9 (RLIN) 96392
765 ## - ASIENTO DE IDIOMA ORIGINAL [R]
Título [NR] Utopia is creepy
942 ## - ELEMENTOS DE ENTRADA AGREGADOS (KOHA)
Tipo de ítem principal el descrito en 300a Libro
Sistema de clasificación DEWEY
Tema principal Sociología
Edición 1
Clasificación 303.4830973
Parte restante de la signatura top. C311p
Existencias
Fecha de último préstamo Total préstamos Signatura topográfica Código de barras Última vez visto Ejemplar Costo de reposición Price effective from Tipo de ítem Perdido Sistema de clasificación Dañado No prestable Tipo de ítem específico Suprimido Ubicación habitual Ubicación actual Localización Fecha de creación Proveedor Forma de adquisición Costo
05/06/2025 2 303.4830973 C311p 100159961 09/12/2025 Ej.2 88195.00 09/05/2019 Libro   DEWEY     Libro   Claustro Claustro 4to piso 09/05/2019 37 Compra 88195.00
    303.4830973 C311p 100159960 03/12/2025 Ej.1 88195.00 09/05/2019 Libro   DEWEY     Libro   Claustro Claustro 4to piso 09/05/2019 37 Compra 88195.00